000 02122nam a2200481 i 4500
001 15358
003 KOSZ 005
005 20200703084902.0
008 200410s1972 pl a f |100 0 pol
015 _aUWD 1973/537
035 _a991032576679705066
035 _a(PL-WaBN)b18739490-48omnis_nlop
035 _ab18739490
035 _a(OCoLC)838950839
035 _a(PL)b0000001873949
035 _a(EXLNZ-48OMNIS_NETWORK)9910026265005606
040 _aWA N
_cWA N
_dKOSZ 005/RW
046 _k1972
080 _a628.1/.8
245 0 0 _aRola inżyniera sanitarnego w rozwoju współczesnej techniki :
_bmateriały na konferencję organizowaną przez Instytut Inżynierii Chemicznej i Urządzeń Cieplnych oraz Instytut Inżynierii Ochrony Środowiska, 29-30 września 1972 r. /
_c[redaktor naczelny Marian Kloza].
260 _aWrocław :
_bWydawnictwo Politechniki Wrocławskiej,
_c1972.
300 _a258 stron :
_bilustracje ;
_c24 cm.
336 _aTekst
_btxt
_2rdacontent
337 _aBez urządzenia pośredniczącego
_bn
_2rdamedia
338 _aWolumin
_bnc
_2rdacarrier
380 _aKsiążki
380 _aPublikacje naukowe
388 _a1901-2000
388 _a1945-1989
490 1 _aPrace Naukowe Instytutu Inżynierii Chemicznej i Urządzeń Cieplnych Politechniki Wrocławskiej. Konferencje,
_x0324-9743 ;
_v1
500 _aNumeracja serii głównej: nr 14.
504 _aBibliografia przy referatach.
650 7 _aTechnika sanitarna
_2DBN
655 7 _aMateriały konferencyjne
_2DBN
658 _aInżynieria i technika
700 1 _aKloza, Marian
_eRedakcja
710 2 _aOficyna Wydawnicza Politechniki Wrocławskiej
_4pbl
830 0 _aPrace Naukowe Instytutu Inżynierii Chemicznej i Urządzeń Cieplnych Politechniki Wrocławskiej
_v14
830 0 _aPrace Naukowe Instytutu Inżynierii Chemicznej i Urządzeń Cieplnych Politechniki Wrocławskiej.
_pKonferencje
_v1
856 _uhttp://koha.tu.koszalin.pl/cgi-bin/koha/opac-detail.pl?biblionumber=15358
_yKatalog online BPK
942 _2UKD
_cKS
999 _c15358
_d15358